| 000 | 00663nam a22002177a 4500 | ||
|---|---|---|---|
| 999 |
_c20554 _d20554 |
||
| 005 | 20191105131737.0 | ||
| 008 | 191105b xxu||||| |||| 00| 0 spa d | ||
| 040 |
_aCO-BoIAVH _cCO-BoIAVH |
||
| 041 | _aspa | ||
| 044 | _ack | ||
| 082 |
_a378.33 _bC68c |
||
| 110 |
_aColombia _bColfuturo |
||
| 245 |
_aColfuturo: _bTalento que transforma. |
||
| 260 |
_aBogotá: _bColfuturo, _c2019. |
||
| 300 |
_a95 Páginas: _bfotografías, tablas y gráficos, _c27 x 21 cm. |
||
| 650 | 0 |
_aAnuario _xEstadístico |
|
| 650 | 0 | _aconvenios educativos | |
| 650 | 0 | _aFinanciación | |
| 650 | 0 | _aCiencias de la educación | |
| 942 |
_2ddc _cLIBRO |
||